| 000 | 00978cam a2200181ua 4500 | ||
|---|---|---|---|
| 020 | _c6.00 | ||
| 041 |
_aeng _h |
||
| 082 |
_a631.354 _bIND/TE |
||
| 110 | 1 |
_aIndian standards institution . _bISI _c() |
|
| 245 | 0 | 0 |
_aTest code for combine harvester-thresher part 1 terminology,IS:8122-1976 / _cIndian standards institution. _hTextual Documents |
| 250 |
_a1 / _b. |
||
| 260 |
_a : _bISI , _c1987. |
||
| 300 | _a20 ; . | ||
| 365 | _a6.00 | ||
| 504 | _a | ||
| 942 | _cBK | ||
| 999 |
_c4201 _d4201 |
||